000 00746cam a22002533a 4500
001 16769
003 PGUSA
005 20140828083346.0
008 050928s2005||||xxu|||||s|||||000 | eng d
040 _aPGUSA
_beng
042 _adc
050 4 _aBR
100 1 _aChesterton, G. K.
_q(Gilbert Keith),
_d1874-1936
245 1 0 _aOrthodoxy
_h[electronic resource] /
_cG. K. Chesterton
260 _bProject Gutenberg,
_c2005
506 _aPublic domain in the USA.
516 _aElectronic text
653 _aChesterton, G. K. (Gilbert Keith), 1874-1936
653 _aChristianity -- Essence, genius, nature
653 _aApologetics
830 0 _aProject Gutenberg
_v16769
856 4 0 _uhttp://www.gutenberg.org/ebooks/16769
942 _cEB
999 _c246024
_d246024